000 00843nas a2200277 a 4500
001 30170
003 AR-BaAGN
005 20231116062903.0
007 ta
008 220625s1942 ag |||||r|||| ||||||spa d
040 _dAR-BaAGN
_aAR-BaAGN
_bspa
_eaacr
110 1 _aBanco de la Nación Argentina
245 1 0 _aMemoria y balance general del 50° ejercicio correspondiente al año 1941
250 _a1ª ed.
260 _aBuenos Aires :
_bBanco de la Nación Argentina,
_c1942.
300 _a116 páginas
336 _2rdacontent
_btxt
337 _2rdamedia
_bn
338 _2rdacarrier
_bnc
500 _aIncluye primera memoria y balance del Banco de la Nación Argentina: 1891-1892
610 1 4 _aBanco de la Nación Argentina
650 4 _aMEMORIAS
_91817
651 4 _aArgentina
_93645
942 _cREVISTA
_n0
999 _c30170
_d30170